| 000 | 00398nam a2200109Ia 4500 | ||
|---|---|---|---|
| 008 | 160909s9999 xx 000 0 und d | ||
| 100 | _aBhagavatula, Chandra Sekhar, | ||
| 245 | _aAdding Semantics to Unstructured and Semi-structured Data on the Web | ||
| 260 |
_bNorthwestern University _c2016 |
||
| 650 | _aInformation Technology | ||
| 856 | _uhttp://pqdtopen.proquest.com/doc/1795092072.html?FMT=ABS | ||
| 999 |
_c303800 _d303800 |
||